Cantos escolares [Música impresa] / Música de Apeles Mestres ; letra castellana de Romualdo Duch (Escolapio)
Descripción Física:
12 p. ; 24 cm
Otros Autores:
Duch, Romualdo
Materias:
Cançons infantils castellanes
MARC
| LEADER | 00000nam a2200000Ia 4500 | ||
|---|---|---|---|
| 001 | 23348 | ||
| 008 | 160829s9999 xx 000 0 cat d | ||
| 080 | |a RF-16-59 | ||
| 100 | 1 | |a Mestres, Apel·les, |d 1854-1936 |9 30872 | |
| 245 | |a Cantos escolares [Música impresa] / Música de Apeles Mestres ; letra castellana de Romualdo Duch (Escolapio) | ||
| 260 | |a Barcelona : |b Boileau, [19-- ?] | ||
| 300 | |a 12 p. ; |c 24 cm | ||
| 590 | |a Prové de R-488, exp. 115 | ||
| 650 | |a Cançons infantils castellanes |9 48696 | ||
| 700 | |a Duch, Romualdo |9 48697 | ||
| 856 | 4 | |u https://media.diba.cat/diba/fitxers/arxiu/fulletons/bib_23348_baixa.pdf |y Accés lliure | |
| 856 | 4 | |u https://media.diba.cat/diba/fitxers/arxiu/fulletons/bib_23348_baixa.pdf |y Accés lliure | |
| 901 | |a Arxiu | ||
| 942 | |n 1 |2 udc | ||
| 952 | |0 0 |1 0 |4 0 |6 RF1659 |7 1 |9 54782 |a Arxiu |b Arxiu |d 2012-01-03 |l 0 |o RF-16-59 |p 23348 |r 2016-12-01 00:00:00 |w 2016-12-01 |y ARXIU | ||
| 999 | |c 58651 |d 58651 | ||
| 900 | |a bib_23348_baixa.pdf | ||